000 00298nam a22001337a 4500
008 171031b xxu||||| |||| 00| 0 eng d
020 _a9780470910733
041 _aeng
080 _214 ED
_a33
100 _a59
101 _aBUS
245 _aCONTEMPORARY BUSINESS
_cKURTZ.D.L
942 _2udc
_cBK
999 _c36819
_d36819